000 00923 a2200229 4500
003 UA-OsUOA
005 20210331100718.0
008 200320b un ||||| |||| 00| 0 ukr d
040 _aUA-OsUOA
_bukr
_cUA-OsUOA
_dUA-OsUOA
041 _aukr
080 _a908(477.81)(082)
090 _a908(477.81)(082)
_bО-77
245 _aОстрозька давнина
_bнауковий збірник
_cгол. ред. Ігор Пасічник ; відпов. ред. Ігор Тесленко
_nвип. 5
260 _bВид-во НаУОА
_c2016
_aОстріг
300 _a288 с.
_eіл.
650 _2UDC
_a908 Краєзнавство
700 1 _aПасічник І.
_eгол. ред.
700 1 _aТесленко І.
_eвідпов. ред.
942 _cBK
_2udc
955 _a1
999 _c458464
_d458464